Riconosci la Squadra di calcio - Quiz n°233 - Statistics

Statistiche generali
  • Questo quiz è stato fatto 3 volte
  • Il punteggio medio è 7 su 10
Statistiche sulle risposte
Indizio Risposta % Corretto
Titoli nazionali 1 Titolo d'Inghilterra
100%
Colori sociali Bianco, blu
100%
Simboli Tordo, biancospino
100%
Trofei internazionali 0
67%
Trofei nazionali 5 Coppe d'Inghilterra1 Coppa di Lega inglesi 2 Community Shield
67%
Divisione nazionale 2023-2024 Seconda
67%
Confederazione UEFA
67%
Fondazione 1878
33%
Capienza Stadio 26 852 posti
33%
Squadra West Bromwich Albion
33%
Nessun quiz corrispondente trovato
Distribuzione punteggi
Percentuale di utenti per punteggio
Percentile per numero di risposta
I tuoi punteggi nel tempo
Non hai fatto questo quiz